| 000 | 00737nam a22002057a 4500 | ||
|---|---|---|---|
| 999 |
_c20460 _d20460 |
||
| 003 | AR-CdUCM | ||
| 008 | 190530b ||||| |||| 00| 0 spa d | ||
| 040 |
_aMUNICIPALIDAD PROVINCIAL DEL CUSCO _cBIBLIOTECA MUNICIPAL DEL CUSCO |
||
| 082 |
_a347.51 / _bM77 |
||
| 100 |
_aMontoya Manfredi, Ulises _927490 |
||
| 245 | _aSociedades anónimas / | ||
| 260 |
_aLima : _c1961. |
||
| 300 |
_a375 páginas ; _c25 cm. |
||
| 505 | _aContenido : Evolución histórica -- La fundación de la sociedad anónima -- Órganos de la sociedad anónima... | ||
| 650 |
_aModificación de los estatutos _942781 |
||
| 650 |
_aAumento y reducción del capital _942782 |
||
| 650 |
_aDisolución y liquidación _942783 |
||
| 942 |
_2ddc _cLIBROS |
||
| 945 | _aandy | ||